000 00495nam a2200181Ia 4500
008 090123s9999 xx 000 0 und d
082 _b37284
100 _aमिरासदार द.मा.
245 _aफुकट
250 _a0
260 _bसुयोग प्रकाशन
_c2004
300 _a108
600 _aमिरासदार द.मा.
630 _aफुकट
700 _aमिरासदार द.मा.
730 _aफुकट
942 _cBOOK
999 _c75349
_d75349